<?xml version="1.0" encoding="UTF-8"?>
<record
    xmlns:xsi="http://www.w3.org/2001/XMLSchema-instance"
    xsi:schemaLocation="http://www.loc.gov/MARC21/slim http://www.loc.gov/standards/marcxml/schema/MARC21slim.xsd"
    xmlns="http://www.loc.gov/MARC21/slim">

  <leader>00641nam a2200181 i 4500</leader>
  <controlfield tag="001">85509</controlfield>
  <controlfield tag="003">ES-MaACL</controlfield>
  <controlfield tag="005">20230906175244.0</controlfield>
  <controlfield tag="007">t|</controlfield>
  <controlfield tag="008">041128m19211924pn           ||||1| spa d</controlfield>
  <datafield tag="245" ind1="0" ind2="0">
    <subfield code="a">Jurisprudencia de la Corte Suprema de Justicia </subfield>
    <subfield code="b">: 1903-1923 / </subfield>
    <subfield code="c">extractada, compilada y arreglada por orden alfab&#xE9;tico / Augusto A. Cervera.</subfield>
  </datafield>
  <datafield tag="260" ind1=" " ind2=" ">
    <subfield code="a">Panam&#xE1; : </subfield>
    <subfield code="b">[s.n.], </subfield>
    <subfield code="c">1921-1924 (</subfield>
    <subfield code="f">Imp. Moderna)</subfield>
  </datafield>
  <datafield tag="300" ind1=" " ind2=" ">
    <subfield code="a">1 v. ; </subfield>
    <subfield code="c">25 cm.</subfield>
  </datafield>
  <datafield tag="650" ind1=" " ind2="4">
    <subfield code="a">Procedimiento penal-</subfield>
    <subfield code="z">Panam&#xE1;-</subfield>
    <subfield code="v">Jurisprudencia.</subfield>
    <subfield code="9">153663</subfield>
  </datafield>
  <datafield tag="700" ind1="1" ind2=" ">
    <subfield code="a">Cervera, Augusto A.</subfield>
    <subfield code="9">37626</subfield>
  </datafield>
  <datafield tag="700" ind1="1" ind2=" ">
    <subfield code="a">Herrera L., Manuel A.</subfield>
    <subfield code="9">63224</subfield>
  </datafield>
  <datafield tag="852" ind1=" " ind2=" ">
    <subfield code="a">ES-MaACL</subfield>
    <subfield code="j">B-13043</subfield>
  </datafield>
  <datafield tag="999" ind1=" " ind2=" ">
    <subfield code="c">85509</subfield>
    <subfield code="d">85509</subfield>
  </datafield>
  <datafield tag="952" ind1=" " ind2=" ">
    <subfield code="0">0</subfield>
    <subfield code="1">0</subfield>
    <subfield code="4">0</subfield>
    <subfield code="7">0</subfield>
    <subfield code="a">ATENEOM</subfield>
    <subfield code="b">ATENEOM</subfield>
    <subfield code="c">SPB</subfield>
    <subfield code="d">2008-01-17</subfield>
    <subfield code="e">SC</subfield>
    <subfield code="l">0</subfield>
    <subfield code="o">B-13043</subfield>
    <subfield code="p">1089352</subfield>
    <subfield code="r">2023-02-23 00:00:00</subfield>
    <subfield code="w">2023-02-23</subfield>
    <subfield code="y">MONOGRAFIA</subfield>
  </datafield>
</record>
